000 00397nam a22001457a 4500
005 20240118161220.0
008 240118b |||||||| |||| 00| 0 eng d
041 _aeng
100 _aKOTHARI, ATUL AND SHALUJA DR. CHANDKIRAN
_98394
245 _aUCHCH- SIKSHA - BHARTIYA DRISHTI
260 _aNEW DELHI
_bSHIKSHA SANSKRITI UTTHAN NYAS
300 _a96;P
650 _aLIFE SKILL
_98393
942 _cBK
999 _c8476
_d8474